|
|
|
|
| LEADER |
00000nam a2200000 a 4500 |
| 001 |
vtls001374980 |
| 003 |
SK-MaSNL |
| 005 |
20260301201400.0 |
| 008 |
240226s1999 xo 000 0 slo |
| 015 |
|
|
|a SNBE1999/04-01873
|
| 035 |
|
|
|a SNK000328876
|
| 035 |
|
|
|a urn:nbn:sk:snk-amkui7
|
| 035 |
|
|
|a urn:nbn:sk:snk-am004ikz
|
| 035 |
|
|
|a 2DD810E3-4968-450C-9544-04B65E338AE5
|
| 040 |
|
|
|a SNK
|b slo
|c SNK
|e AACR2
|
| 041 |
0 |
|
|a slo
|
| 044 |
|
|
|a xo
|c SK
|
| 080 |
|
|
|a 792.077.091.4(083.97)
|2 1981
|
| 111 |
2 |
|
|a Fedim
|d (1999 :
|c Senica, Slovensko)
|9 36169
|
| 245 |
1 |
0 |
|a Fedim '99 - Senica
|b celoštátna súťažná prehliadka netradičných foriem ochotníckeho divadla 9.-12. september 1999 : pozvánka
|
| 260 |
|
|
|a Bratislava
|b Národné osvetové centrum
|c 1999
|
| 300 |
|
|
|a 1 zlož. list ([3] s.)
|c 21 x 11 cm
|
| 611 |
2 |
7 |
|a Fedim
|d (1999 :
|c Senica, Slovensko)
|2 SNK
|9 36169
|
| 648 |
|
7 |
|a 1999
|2 SNK
|9 266597
|
| 650 |
0 |
7 |
|a amatérske divadlo
|2 SNK
|9 3348
|
| 650 |
0 |
7 |
|a amatérske divadelné súbory
|2 SNK
|9 31587
|
| 650 |
0 |
7 |
|a divadelné festivaly a prehliadky
|2 SNK
|9 3350
|
| 651 |
|
7 |
|a Senica (Slovensko : okres)
|2 SNK
|9 74195
|
| 655 |
|
7 |
|a pozvánky
|2 SNK
|9 71913
|
| 710 |
2 |
|
|a Národné osvetové centrum
|4 pbl
|9 33142
|
| 999 |
|
|
|c 894564
|d 896494
|
| 952 |
|
|
|t P60, <03>, [BOOK], {603}
|a SNK
|b SNK
|y PREZ
|7 0
|p 17A0214421
|o snkOSC 20428
|i snkKSP 10267/99
|0 0
|1 0
|4 0
|d 1999-10-19
|l 0
|r 2005-01-02 00:00:00
|w 2026-02-24
|
| 952 |
|
|
|t P60, <04>, [BOOK], {604}
|a SNK
|b SNK
|y VYP
|7 0
|p 17A0214422
|o snkOSC 20428 D1
|i snkKSP 10268/99
|0 0
|1 0
|4 0
|d 1999-10-19
|f 1
|l 0
|r 2005-01-02 00:00:00
|w 2026-02-24
|